Účetní výkazy rozpočtových a přispěvkových organizací
Zmeny v zostavovaní účtovnej závierky od 1.1.1993 v súvislosti s uplatnením zmien v celom systéme účtovania rozpočtových, príspevkových organizácií a obcí. Rozvaha. Výkaz zisku a straty. Plnenie príjmov a výdavkov rozpočtových organizácií. Ročný výkaz malých príspevkových organizácií. Výkaz o plnení...
Gespeichert in:
| 1. Verfasser: | |
|---|---|
| Weitere Verfasser: | |
| Format: | Buchkapitel |
| Sprache: | Tschechisch |
| Schlagworte: | |
| Tags: |
Keine Tags, Fügen Sie das erste Tag hinzu!
|
MARC
| LEADER | 00000naa a2200000 4500 | ||
|---|---|---|---|
| 001 | r000022 | ||
| 005 | 20221213083405.9 | ||
| 041 | 0 | |a cze | |
| 044 | |a CZ | ||
| 245 | 1 | 0 | |a Účetní výkazy rozpočtových a přispěvkových organizací |c J. Lehkoživ, Vítězslav Šmíd |
| 520 | |a Zmeny v zostavovaní účtovnej závierky od 1.1.1993 v súvislosti s uplatnením zmien v celom systéme účtovania rozpočtových, príspevkových organizácií a obcí. Rozvaha. Výkaz zisku a straty. Plnenie príjmov a výdavkov rozpočtových organizácií. Ročný výkaz malých príspevkových organizácií. Výkaz o plnení rozpočtu obcí a okresných úradov. Ročný prehľad aktív a pasív obcí. | ||
| 610 | 2 | 0 | |a výkazy účtovné |
| 610 | 2 | 0 | |a organizácie rozpočtové |
| 610 | 2 | 0 | |a organizácie príspevkové |
| 610 | 2 | 0 | |a súvaha |
| 610 | 2 | 0 | |a obce |
| 610 | 2 | 0 | |a okresy |
| 610 | 2 | 0 | |a Česko |
| 610 | 2 | 0 | |a metodika |
| 100 | 1 | |a Lehkoživ, J. | |
| 700 | 1 | |a Šmíd, Vítězslav | |